Readings in natural language processing
Saved in:
| Other Authors: | , , |
|---|---|
| Format: | Book |
| Language: | English |
| Published: |
Los Altos, Calif. :
M. Kaufmann Publishers,
c1986
|
| Subjects: | |
| Tags: |
Add Tag
No Tags, Be the first to tag this record!
|
MARC
| LEADER | 00000cam a2200000 i 4500 | ||
|---|---|---|---|
| 001 | 1/55978 | ||
| 008 | 941103s1986 eng d | ||
| 020 | |a 0934613117 |c $26.95 | ||
| 035 | |l 10045436 | ||
| 035 | |a 1993 |c ΠΑΝΑΓΙΩΤΟΠΟΥΛΟΣ | ||
| 040 | |a GR-MY-UA |b gre |e aacr | ||
| 041 | 0 | |a eng | |
| 082 | 0 | |a 006.35 | |
| 245 | 1 | 0 | |a Readings in natural language processing / |c edited by Barbara J. Grosz, Karen Sparck Jones, Bonnie Lynn Webber |
| 246 | 3 | 3 | |a Natural language processing |
| 260 | |a Los Altos, Calif. : |b M. Kaufmann Publishers, |c c1986 | ||
| 300 | |a xv, 664 p.; |b ill.; |c 28 cm | ||
| 500 | |a Includes bibliographies and index | ||
| 650 | 0 | 0 | |a Natural language processing (Computer science) |
| 650 | 0 | 0 | |a Artificial intelligence. |
| 700 | 1 | |a Grosz, Barbara J. |e edtf | |
| 700 | 1 | |a Sparck Jones, Karen |d 1935- |e edtf | |
| 700 | 1 | |a Webber, Bonnie Lynn, |e edtf | |
| 852 | |a INST |b SAMOS |e 19941103 |h 006.35 REA |p 005300003834 |q 005300003834 |t BK |y 0 | ||
| 909 | |a Σ |b 027033 | ||